000 01254nam0a22002771 4500
001 rc\4995476
005 20130430132908.2
021 _aRU
_b[60-13148]
035 _a(NLR Aleph) 008990009
090 _a9240422
_c9240423
100 _a20130430d1960 |||y0rusy50 ca
101 1 _arus
_cfin
102 _aRU
105 _aa g |||||
200 1 _aСправочник по стружечным плитам
_e(Гос. техн. исслед. ин-т, Хельсинки, 1958 г.)
_fПер. с фин. Мякеля Р.О.
_gГос. науч.-техн. ком. Совета Министров РСФСР. ЦБТИ лесной пром-сти
210 _aМосква
_aЛенинград
_cГослесбумиздат
_d1960
215 _a108 с.
_cил.
_d22
320 _aБиблиогр. в конце книги (12 назв.)
606 _aПлиты древесноволокнистые
_jСправочники
_2psbo
702 1 _aМякел
_bР. О.
_4730
712 0 2 _aЦентральное бюро технической информации лесной промышленности
_cМосква
_3RU\NLR\AUTH\889931374
801 0 _aRU
_bNLR
_gpsbo
801 1 _aRU
_bELAR
_2rusmarc
852 _aNLR
_j60-5/685
942 _cBOOK
980 _aNB